| 000 | 01825nam0a2200421 4500 | ||
|---|---|---|---|
| 001 | RU\NLR\BIBL_A\011512033 | ||
| 005 | 20260409072809.0 | ||
| 010 |
_a978-5-4482-0029-8 _91000 |
||
| 021 |
_aRU _b2017-74521 _95314 |
||
| 035 | _a(NLR Aleph) 011512033 | ||
| 035 | _a(RuMoRGB)009409993 | ||
| 090 |
_a12052100 _c12052100 |
||
| 100 | _a20171102d2017 k y0rusy50 ca | ||
| 101 | 0 | _arus | |
| 102 | _aRU | ||
| 105 | _ay zzzz0|||1zy | ||
| 200 | 1 |
_aРечевые компоненты парадигмы лица в языках эргативного строя _e[монография] _fЛ. У. Тариева _gМинистерство образования и науки Российской Федерации, Федеральное государственное бюджетное образовательное учреждение высшего образования "Ингушский государственный университет" |
|
| 210 |
_aМагас _aНазрань _cКЕП _d2017 |
||
| 215 |
_a375 с. _d21 |
||
| 320 | _aБиблиогр.: с. 353-373 (200 назв.) | ||
| 333 | _a18+ | ||
| 606 | 1 |
_aКатегория лица _9896283 _3RU\NLR\AUTH\66325114 |
|
| 606 |
_aТипология (лингв.) _3RU\NLR\AUTH\661095873 _91782597 |
||
| 606 |
_aЭргативность (лингв.) _3RU\NLR\AUTH\66325031 _9896132 |
||
| 610 | 0 | _aнахские языки | |
| 610 | 0 | _aэргативные языки | |
| 686 |
_aШ160.31-2,0 _2rubbk |
||
| 686 |
_aШ160.31-32,0 _2rubbk |
||
| 686 |
_aШ100.212,0 _2rubbk |
||
| 686 | 1 | _aШ102 | |
| 686 | 1 | _aШ1в621.2 | |
| 686 | 1 | _aШ100.96 | |
| 700 | 1 |
_aТариева _bЛ. У. _gЛилия Увайсовна |
|
| 942 | _cBOOK | ||
| 980 | _aNBR | ||
| 980 | _aNB | ||